000 00525nam a2200169 i 4500
001 62743
003 ES-MaACL
005 20230906164724.0
007 t|
008 031125q1945 sp ||||1| spa d
100 1 _aFernández Bollo, Mariano.
_949520
245 1 0 _aFormulario de Geometría y Trigonometría /
_cM. Fernández Bollo.
260 _aMadrid :
_bDossat,
_c[1945?] (
_fNuevas Gráficas)
300 _a2 v. ;
_c21 cm.
505 8 _aContiene: V. I: Plana. -- V. II: Espacio
852 _aES-MaACL
_jC-15421-2
_bR.43490
999 _c62743
_d62743